000 00584cam a2200205 4500
001 14756
005 20230410102145.0
008 060907s1998 dr spa
035 _9funglode14881
041 _aspa
050 1 4 _a118 PQ 7409
_bC679r 1998
100 1 _aCoiscou Weber, Rodolfo,
_d1924-
245 1 0 _aRetorno al origen sin origen /
_cRodolfo Coiscou Weber
250 _a2a ed.
260 _aSanto Domingo :
_bCasa Weber,
_c1998
300 _a52 p.
440 0 _aColección Antología de Nuestra Voz ;
_vno. 48
650 4 _aLiteratura dominicana.
942 _2lcc
_cbk
999 _c20153
_d20153